| 000 | 00624nam a22002177a 4500 | ||
|---|---|---|---|
| 999 |
_c6896 _d6896 |
||
| 001 | 6188 | ||
| 003 | BD-DhUAP | ||
| 005 | 20210110112203.0 | ||
| 008 | 210110t20031999ii a b 001 0 eng | ||
| 020 | _a0130131628 | ||
| 040 |
_aDLC _cDLC _dBD-DhUAP _beng |
||
| 082 | 0 | 0 |
_a658.83 MAL _223 |
| 100 | _aMalhotra, Naresh K. | ||
| 245 |
_aMarketing research : _ban applied orientation / _cNaresh K. Malhotra. |
||
| 250 | _a3rd ed. | ||
| 260 |
_aNew Delhi : _bPrentice Hall, _cc1999 [2003]. |
||
| 300 |
_avarious pages : _billustrations ; _c24 cm. |
||
| 500 | _aIncludes index. | ||
| 650 | _aMarketing research. | ||
| 942 |
_2ddc _cBK |
||